logo

Bir Sreshtho Munshi Abdur Rouf Library
Jhenaidah Cadet College

Know your world / (Record no. 13156)

MARC details
000 -LEADER
fixed length control field 00624nam a2200241 a 4500
001 - CONTROL NUMBER
JCCL Control Number 13156
003 - CONTROL NUMBER IDENTIFIER
JCCL marc code BD-JhCC
005 - DATE AND TIME OF LATEST TRANSACTION
control field 20230715095322.0
008 - FIXED-LENGTH DATA ELEMENTS--GENERAL INFORMATION
fixed length control field 230715s2019 USAa|||| |||| 001 0 eng d
020 ## - INTERNATIONAL STANDARD BOOK NUMBER
International Standard Book Number 9788192088839
035 ## - SYSTEM CONTROL NUMBER
system control number (BD-JhCC)13156
040 ## - CATALOGING SOURCE
Original cataloging agency BD-JhCC
Modifying agency BD-JhCC
041 ## - LANGUAGE CODE
Language code of Book eng
082 ## - DEWEY DECIMAL CLASSIFICATION NUMBER
Classification number 575
Author mark and Year KNO 2019
110 ## - MAIN ENTRY--CORPORATE NAME
Relator code National Geographic
245 ## - TITLE STATEMENT
Title Know your world /
Statement of responsibility, etc National Geographic
260 ## - PUBLICATION, DISTRIBUTION, ETC. (IMPRINT)
Place of publication, distribution, etc USA :
Name of publisher, distributor, etc National Geographic,
Date of publication, distribution, etc 2019
300 ## - PHYSICAL DESCRIPTION
Pagination 398 p. :
Other physical details color pages;
Dimensions 24 cm.
504 ## - BIBLIOGRAPHY, ETC. NOTE
Bibliography, etc Includes index.
650 ## - SUBJECT ADDED ENTRY--TOPICAL TERM
Topical term or geographic name as entry element Zoology
650 ## - SUBJECT ADDED ENTRY--TOPICAL TERM
Topical term or geographic name as entry element Evolution (Biology)
942 ## - ADDED ENTRY ELEMENTS (KOHA)
Source of classification or shelving scheme Dewey Decimal Classification
Koha item type Reference
Holdings
Source of classification or shelving scheme Damaged status Not for loan Home library Current library Shelving location Date of accession Cost, normal purchase price Total Checkouts Full call number Barcode Date last seen Copy number Method of acquisition Koha item type Currency
Dewey Decimal Classification     JCC Rouf Library JCC Rouf Library General Stacks 06/24/2023 2399.00   575 KNO 2019 17123 07/15/2023 C-1 Purchase Reference BDT

JCC Library | Contacts | JCC Home

Last Update on 23 September 2017
Copyright @ 2017-2020 JCC Rouf Library
Rouf Library, Jhenidah Cadet College (JCC), Bangladesh